| 000 | 00595nam a2200181Ia 4500 | ||
|---|---|---|---|
| 008 | 151018s9999 xx 000 0 und d | ||
| 082 |
_bRBASDV45974 _a891.463 |
||
| 100 | _aपाटील आप्पासाहेब | ||
| 245 | _aचक्रव्यूह | ||
| 250 | _b1 | ||
| 260 |
_bअभिनंदन कणकवली _c2008 |
||
| 300 | _a280 | ||
| 600 | _aपाटील आप्पासाहेब | ||
| 630 | _aचक्रव्यूह | ||
| 700 | _aपाटील आप्पासाहेब | ||
| 730 | _aचक्रव्यूह | ||
| 942 | _cBOOK | ||
| 999 |
_c1045149 _d1045146 |
||